Megahrozby deset nebezpečí, kterým čelí lidstvo v 21. století, a jak je překonat

Salvato in:
Dettagli Bibliografici
Autore principale: Roubini, Nouriel
Natura: Libro
Lingua:ceco
Pubblicazione: Voznice LEDA 2023
Edizione:1. vydání
Soggetti:
Tags: Aggiungi Tag
Nessun Tag, puoi essere il primo ad aggiungerne!!

MARC

LEADER 00000nam a2200000 4500
001 0296830
005 20240416114212.6
020 |a 978-80-7335-881-5 
041 0 |a cze 
044 |a CZ 
245 1 0 |a Megahrozby  |b deset nebezpečí, kterým čelí lidstvo v 21. století, a jak je překonat  |c Nouriel Roubini 
250 |a 1. vydání 
264 1 |a Voznice  |b LEDA  |c 2023 
300 |a 421 s. 
610 2 0 |a konflikty medzinárodné 
610 2 0 |a vojny 
610 2 0 |a problémy globálne 
610 2 0 |a kríza finančná 
610 2 0 |a nestabilita politická 
610 2 0 |a geopolitika 
610 2 0 |a inteligencia umelá 
610 2 0 |a revolúcia vedeckotechnická 
610 2 0 |a pandémia 
610 2 0 |a zmeny klimatické 
100 1 |a Roubini, Nouriel